| 000 | 00000nam##2200000za#4500 |
| 001 | 9.568560 |
| 003 | CaOODSP |
| 005 | 20210624181330 |
| 007 | cr ||||||||||| |
| 008 | 150406|1997||||xxc|||||o f|0| 0 eng|d |
| 040 | |aCaOODSP|beng |
| 043 | |an-cn--- |
| 086 | 1 |aBT31-4/28-1997E-PDF |
| 110 | 1 |aCanada. |bTreasury Board. |
| 245 | 10|aCanadian International Trade Tribunal, performance report for the period ending March 31, 1997 |h[electronic resource] |
| 246 | 3 |aImproved reporting to Parliament - pilot document |
| 260 | |aOttawa - Ontario : |bTreasury Board of Canada Secretariat |c[1997]. |
| 300 | |a16p.|borganization chart, tables |
| 490 | 1 |aPerformance report for the period ending March 31, 1997 |vFor the period ending March 31, 1997 |
| 500 | |aThe catalogue number (BT31-4/28-1997) and ISBN (0-660-60314-4) for the bilingual print edition have been incorrectly copied in this electronic publication. |
| 590 | |a11-01-Supp|b2011-01-11 |
| 775 | 08|tTribunal canadien du commerce extérieur, rapport sur le rendement pour la période se terminant le 31 mars 1997 |w(CaOODSP)9.599835 |
| 776 | 0#|tCanadian International Trade Tribunal|w(CaOODSP)9.529524 |
| 776 | 0#|tTribunal canadien du commerce extérieur|w(CaOODSP)9.529525 |
| 830 | #0|aPerformance report for the period ending March 31, 1997 ;|vFor the period ending March 31, 1997|w(CaOODSP)9.506249 |
| 856 | 40|ahttp://publications.gc.ca|qPDF|s201 KB|uhttps://publications.gc.ca/collections/Collection/BT31-4-28-1997E.pdf|yFor the period ending March 31, 1997 |